00633cam a22002057a 4500003000500000005001700005008004100022010001000063011001000073035001000083040000900093082001600102100002200118245012300140260004900263300001800312490004100330650001500371830004100386CHAP20220817041309.0971013s1968 r 00010 d a10648 a11620 a10859 cCHAP a595.764bB300aBaker, Charles W. 0aLarval taxonomy of the Troginae in North America with notes of biologies and life histories (Coleoptera: Scarabaeidae) aWashington :bSmithsonian Institution,c1968 a79 p.b: ilus 0aU.S. National Museum Bulletinv; 27914aTrogiinae.0 aU.S. National Museum Bulletinv; 279